000 00863nam a2200265 a 4500
001 59355
003 BD-RjUL
005 20211209080723.0
008 161224s1969 njua b 001 0 eng
035 _a(BD-RjUL)59479
040 _aDLC
_cDLC
_dBD-RjUL
_beng
041 _aeng
082 0 0 _a354.52004
_223
_bKUH 1969
100 1 _aKubota, Akira,
_d1932-
_9176536
245 1 0 _aHigher civil servants in postwar Japan :
_btheir social origins, educational backgrounds, and career patterns /
_cAkira, Kubota,
260 _aPrinceton, N.J.,
_bPrinceton University Press,
_cc1969.
300 _axv, 197 p. ;
_bill. ;
_c23 cm.
350 _a9.00
500 _aInclude index
650 0 _aGovernment executives
_zJapan.
_9176537
650 0 _aWorld War, 1939-1945
_xInfluence.
_9176538
650 0 _aBureaucracy.
_9170730
942 _2ddc
_cBK
999 _c59355
_d59355